000 00481nam a2200193Ia 4500
008 240510s9999 xx 000 0 und d
020 _a0007565190561
041 _aEng
082 _a005.756
082 _bB92
100 _aBYERS, Robert A : PRAGUE, Cary N
245 0 _aEveryman's database primer featuring dBASE IV
260 _bTorrance, CA : Ashton-Tate
260 _c1989
300 _a426 p.
650 _aDatabases : dBASE IV
942 _2ddc
942 _cLBK
999 _c26676
_d26676
945 _a1
_bMadushi Gamage
_c1
_dMadushi Gamage